00570nam a2200193Ia 450000500170000000800410001702000180005804100120007608200180008810000170010624500820012326000350020530000210024065000200026165000230028165000220030470000230032670000270034920260429111957.0260429s9999||||xx |||||||||||||| ||und|| a9783110782066 aEnglish a624.1771bHAR aHarmsen, Jan 0aProduct and process design : bdriving sustainable innovation / cJan Harmsen aGermany : bDe Gruyter,c2024. axxi, 492 p.; pbk a Product design a Structural design aCivil engineering a de Haan, Andre B. a Swinkels, Pieter L.J.